000 00302nam a2200121Ia 4500
005 20251222152632.0
008 251222s9999||||xx |||||||||||||| ||spa||
082 _a330/O38
100 _aOjeda Marín, Alfonso
245 0 _aEstado Social y Crisis Económica
264 _bComplutense S.A.
942 _cLIB
999 _c27784
_d27784